[Event "DEM U10w 2019"]
[Site "Willingen GER"]
[Date "2019.06.14"]
[Round "9"]
[White "Struebel, Katharina"]
[Black "Le, Thao-Linh"]
[Result "0-1"]
[Termination "normal"]
[Board "14"]
[WhiteElo "852"]
[BlackElo "1014"]
[PlyCount "44"]
[WhiteFideId "16284879"]
[BlackFideId "16279131"]
[EventCountry "GER"]
[EventRounds "11"]
[EventType "swiss"]
[EventDate "2019.06.08"]

1. e4 e5 2. Nf3 Nf6 3. Nxe5 d6 4. Nf3 Nxe4 5. d4 d5 6. Bd3 Bd6 7. O-O O-O 8.
Be3 Re8 9. Nc3 c6 10. Bxe4 dxe4 11. Ng5 Bf5 12. Qh5 Bg6 13. Qg4 f5 14. Qe2 f4
15. Bd2 Qxg5 16. Qc4+ Kh8 17. g3 Qg4 18. d5 f3 19. Rfe1 Nd7 20. dxc6 bxc6 21.
Qxc6 Qh3 22. Qxd7 Qg2# 0-1

[Event "DEM U10w 2019"]
[Site "Willingen GER"]
[Date "2019.06.14"]
[Round "9"]
[White "Orlova, Anna-Daria"]
[Black "Wehling, Ida"]
[Result "1/2-1/2"]
[Termination "normal"]
[Board "15"]
[WhiteElo "1095"]
[BlackElo "1093"]
[PlyCount "41"]
[WhiteFideId "16275381"]
[BlackFideId "16287452"]
[EventCountry "GER"]
[EventRounds "11"]
[EventType "swiss"]
[EventDate "2019.06.08"]

1. e4 e5 2. Nf3 Nc6 3. Bc4 Bc5 4. c3 Nf6 5. d4 exd4 6. e5 d5 7. Bb5 Nd7 8. Bxc6
bxc6 9. O-O O-O 10. cxd4 Bb6 11. Nc3 f6 12. Bf4 fxe5 13. Bxe5 Nxe5 14. Nxe5 Bd7
15. Nxd7 Qxd7 16. Rc1 Qd8 17. Rc2 c5 18. dxc5 Bxc5 19. Rd2 d4 20. Ne2 Re8 21.
a3 1/2-1/2

[Event "DEM U10w 2019"]
[Site "Willingen GER"]
[Date "2019.06.14"]
[Round "9"]
[White "Hoffmann, Svenja"]
[Black "Vöcking, Julia"]
[Result "1-0"]
[Termination "normal"]
[Board "16"]
[WhiteElo "1072"]
[BlackElo "812"]
[PlyCount "101"]
[WhiteFideId "16287312"]
[BlackFideId "16287444"]
[EventCountry "GER"]
[EventRounds "11"]
[EventType "swiss"]
[EventDate "2019.06.08"]

1. e4 d6 2. Bc4 g6 3. Nc3 Nf6 4. Bb3 Bg7 5. Nf3 O-O 6. d4 Re8 7. Be3 e5 8. Qd3
Nc6 9. O-O-O Nb4 10. Qc4 Nc6 11. Qxf7+ Kh8 12. Qc4 Be6 13. d5 Na5 14. Qb4 c5
15. Qb5 Bd7 16. Qe2 Nxb3+ 17. cxb3 Bg4 18. h3 Bxf3 19. Qxf3 Rf8 20. Rhe1 Nxd5
21. Qg3 Nxc3 22. bxc3 Qc7 23. Kb2 Rac8 24. Rc1 c4 25. Qh4 Qc6 26. Re2 Bf6 27.
Bg5 d5 28. f3 Bxg5 29. Qxg5 Qf6 30. Qg3 Qf4 31. Qxf4 exf4 32. exd5 Rfe8 33.
Rxe8+ Rxe8 34. bxc4 Re2+ 35. Rc2 Rxc2+ 36. Kxc2 Kg8 37. c5 Kf8 38. Kd3 Ke8 39.
Ke4 g5 40. Kf5 b5 41. Kxg5 a5 42. d6 Kd7 43. Kxf4 b4 44. cxb4 axb4 45. Ke5 h6
46. g4 Kc8 47. f4 Kb7 48. d7 Kc7 49. Ke6 Kd8 50. f5 b3 51. axb3 1-0

[Event "DEM U10w 2019"]
[Site "Willingen GER"]
[Date "2019.06.14"]
[Round "9"]
[White "Engeln, Helene"]
[Black "Kopylov, Diana"]
[Result "1-0"]
[Termination "normal"]
[Board "17"]
[WhiteElo "825"]
[BlackElo "922"]
[PlyCount "43"]
[WhiteFideId "16287274"]
[BlackFideId "16268865"]
[EventCountry "GER"]
[EventRounds "11"]
[EventType "swiss"]
[EventDate "2019.06.08"]

1. e4 e5 2. Nf3 Nc6 3. Bc4 Nf6 4. Nc3 Bc5 5. d3 h6 6. O-O O-O 7. Be3 Bb6 8. Nd5
d6 9. Qd2 Bg4 10. Bxh6 Bxf3 11. Qg5 Nh5 12. gxf3 Qxg5+ 13. Bxg5 Nd4 14. f4 Nxc2
15. Rac1 Nd4 16. Kh1 exf4 17. Rg1 Ne2 18. Rg4 Nxc1 19. Rh4 g6 20. Nf6+ Nxf6 21.
Bxf6 Bxf2 22. Rh8# 1-0

[Event "DEM U10w 2019"]
[Site "Willingen GER"]
[Date "2019.06.14"]
[Round "9"]
[White "Richter, Johanna"]
[Black "Matthes, Aimee"]
[Result "1-0"]
[Termination "normal"]
[Board "18"]
[WhiteElo "936"]
[BlackElo "918"]
[PlyCount "73"]
[WhiteFideId "16278925"]
[BlackFideId "16287371"]
[EventCountry "GER"]
[EventRounds "11"]
[EventType "swiss"]
[EventDate "2019.06.08"]

1. d4 Nf6 2. Bf4 g6 3. e3 Bg7 4. Bd3 O-O 5. Nf3 Nc6 6. Nbd2 Qe8 7. Bg3 d6 8.
O-O e5 9. Be2 Bf5 10. h3 Nb4 11. a3 Bxc2 12. Qc1 Na6 13. Qxc2 e4 14. Ne1 Qe7
15. Nc4 Rac8 16. Qb3 Rb8 17. Nc2 Nh5 18. Bh2 d5 19. Ne5 Rfe8 20. Ng4 f5 21. Ne5
c6 22. Rac1 c5 23. Rfd1 Bf6 24. Bxh5 gxh5 25. Qc3 b5 26. Nc6 Qc7 27. Nxb8 Rxb8
28. Bxc7 Nxc7 29. Qxc5 Rc8 30. Nb4 a5 31. Na6 Bd8 32. Qd6 Ne8 33. Qe6+ Kf8 34.
Rxc8 Ng7 35. Rxd8+ Ne8 36. Qxe8+ Kg7 37. Qe6 1-0

[Event "DEM U10w 2019"]
[Site "Willingen GER"]
[Date "2019.06.14"]
[Round "9"]
[White "Marrufo, Emilia"]
[Black "Helber, Anna"]
[Result "1-0"]
[Termination "normal"]
[Board "20"]
[WhiteElo "753"]
[BlackElo "896"]
[PlyCount "33"]
[WhiteFideId "16287363"]
[BlackFideId "16287290"]
[EventCountry "GER"]
[EventRounds "11"]
[EventType "swiss"]
[EventDate "2019.06.08"]

1. d4 d5 2. e3 Bf5 3. f4 c6 4. Bd3 Bxd3 5. Qxd3 Nf6 6. Nd2 e6 7. Ngf3 Be7 8. c3
O-O 9. O-O Nbd7 10. Ne5 Nxe5 11. fxe5 Nh5 12. Nf3 Qd7 13. e4 Rad8 14. exd5 Qxd5
15. Bg5 Bxg5 16. Nxg5 f6 17. Qxh7# 1-0